| 000 | 00439nmm a2200157Ia 4500 | ||
|---|---|---|---|
| 008 | 251105s9999||||xx |||||||||||||||||und|| | ||
| 020 | _a9789580611349 | ||
| 041 | _aspa | ||
| 100 | _aSastoque Mejia, Sonia | ||
| 245 | 0 | _aDesde mis entrañas | |
| 264 |
_a[Bogotá, Colombia] : _bOveja Negra, _c2009 |
||
| 300 | _a72 páginas | ||
| 650 | _aLatin American poetry | ||
| 856 | _uhttps://public.digitaliapublishing.com/a/20961 | ||
| 942 | _cCF | ||
| 999 |
_c94820 _d94820 |
||